Elektrické vlastnosti keramiky na báze čadiča

Gespeichert in:
Bibliographische Detailangaben
1. Verfasser: Sobota, Ján, 1980- (Verfasst von)
Weitere Verfasser: Riedlmajer, Robert, 1966- (Betreuung Doktorarbeit)
Format: Manuskript Buch
Sprache:Slowakisch
Veröffentlicht: STU v Bratislave MTF UMAT, 2010
Online-Zugang:VAIS
Tags: Tag hinzufügen
Keine Tags, Fügen Sie das erste Tag hinzu!

MARC

LEADER 00000ntm a22000003a 4500
001 stu207517
005 20160719160319.5
008 100715s2010------------------------slo-d
040 |a STU  |b slo 
041 0 |a slo 
100 1 |a Sobota, Ján,  |d 1980-  |4 aut  |X 37906  |7 A000037906 
242 0 0 |a Measuring of the basalt ceramic electrical characteristics  |y eng 
245 1 |a Elektrické vlastnosti keramiky na báze čadiča  
260 |b STU v Bratislave MTF UMAT,  |c 2010 
700 1 |a Riedlmajer, Robert,  |d 1966-  |4 ths  |u M1000  |U MTF Materiálovotechnologická fakulta  |T MTF Ústav materiálov  |X 235  |U M1000  |Y 81  |7 A000000235 
856 4 |a info a plný text  |u http://is.stuba.sk/zp/portal_zp.pl?podrobnosti=74950  |3 VAIS 
996 |c M*BP-4638  |l MMSKP  |s P  |a 0  |w stu207517_0001